Bộ sách trắc nghiệm chỉ số thông minh từ 11 đến 12 tuổi
Сохранить в:
| Главный автор: | |
|---|---|
| Формат: | |
| Язык: | Undetermined |
| Опубликовано: |
Thành phố Hồ Chí Minh
Trẻ
2003
|
| Предметы: | |
| Метки: |
Добавить метку
Нет меток, Требуется 1-ая метка записи!
|
| Thư viện lưu trữ: | Trung tâm Học liệu Trường Đại học Cần Thơ |
|---|
| LEADER | 00598nam a2200193Ia 4500 | ||
|---|---|---|---|
| 001 | CTU_64188 | ||
| 008 | 210402s9999 xx 000 0 und d | ||
| 020 | |b 15000 | ||
| 082 | |a 153.93 | ||
| 082 | |b H107 | ||
| 100 | |a Nguyễn, Hạnh | ||
| 245 | 0 | |a Bộ sách trắc nghiệm chỉ số thông minh từ 11 đến 12 tuổi | |
| 245 | 0 | |c Nguyễn Hạnh, Nguyễn Hải Linh | |
| 260 | |a Thành phố Hồ Chí Minh | ||
| 260 | |b Trẻ | ||
| 260 | |c 2003 | ||
| 650 | |a Intelligent tests | ||
| 904 | |i Năm | ||
| 980 | |a Trung tâm Học liệu Trường Đại học Cần Thơ | ||